Pays qui possédaient Marseille à travers l'histoire - Statistiques

Statistiques générales
  • Ce quiz a été pris 80 fois
  • Le résultat moyen est 8 sur 19
Statistiques - réponses
Période Pays % Correct
536 - 800 Royaume des Francs
97%
1940 - 1944 Royaume d'Italie
90%
1483 - Aujourd'hui France
86%
1940 - 1944 3e Reich
85%
-600 -/ - 495 Grèce antique (Phocéen)
75%
- 29 - 395 Empire romain
59%
1940 - 1943 Régime de Vichy
42%
855 - 933 Royaume de Provence
39%
- 495 -/- 49 Cité de {Massalia}
33%
395 - 476 Empire Romain d'Occident
28%
- 49 -/ - 29 République Romaine
27%
1815 - 1818 Empire d'Autriche
25%
476 - 508 Royaume des Wisigoths
24%
1034 - 1483 Saint Empire Romain Germanique
23%
933 - 1378 Royaume d'Arles
22%
800 - 843 Empire Carolingien
20%
1378 - 1483 Duché de Savoie
18%
843 - 855 Francie Mediane
9%
508 - 536 Royaume des Ostrogoths
3%
Aucun quiz correspondant
Distribution des résultats
% des personnes avec chaque résultat
Percentile par nombre de réponses
Votre historique - résultats
Vous n’avez pas pris ce quiz